00646cam a2200169 i 4500020001800000040000800018082002600026245015500052300002600207500003300233650003200266650001700298650002100315700001800336700001800354710010400372 a9789924500049 cDLC aCDR MOM 2016 C199 Or.00aClimate change and water governance in Cambodia :bchallenge and perspectives for water security and climate change in selected catchments, Cambodia / ax, 185 pages ;c25 cm aErrata slip inserted at end. 0aWater resources development 0aWater-supply 0aClimatic changes1 aSam, Sreymom,1 aPech, Sokhem,2 aVidyāsthān Paṇṭuḥ Paṇṭāl niṅ Srāvjrāv ṭoempī Qabhivaḍḍhn ̊Kambujā,